1782 1185 1642 1757 1213 1897 1956 1881 1685 1000 1229 1785 1863 1260 1069 1265 1437 1250 1720 1627 1912 1354 1363 1527 1868 1259 1007 1037 1978 1994 1717 1898 1709 1234 1155 1361 1384 1935 1950 1796 1989 1916 1098 1867 1249 1123 1119 1120 1169 1256 1216 1392 1333 1349 1788 1100 1199 1774 1968 1375 1501 1182 1519 1447 1658 1012 1321 1476 1731 1938 1970 1295 1052 1468 1710 1236 1340 1830 1722 1547 1981 1254 1963 1957 1555 1212 1931 1694 1577 1004 1003 1497 1660 1202 1604 1762 1307 1886 1747 BCNSPRNW ULIB Ver.6.0+V

เปลี่ยนเป็นภาษาไทย

Change to English
 แสดงรายละเอียดบรรณานุกรม
  กลับหน้าหลัก

Brief Record : Get Marc (ISO 2709) : E-mail record : QR code < ปิดหน้าต่าง
LEADER : 00000nam 2200000uu 4500
001    13399111904
003     ULIB
008    110712s2552||||th 000 0 tha d
024    9786160600663
090    นว.^bR111C 2552
100 0  Rose Quartz
245 00 Champpion s story บุพเพรักกิ๊กกั๊กหัวใจ/cRose Quartz
260    กรุงเทพฯ:^bแจ่มใส,^c2552
300    204 หน้า.
945    ^p149^l0^i026772
995    เกษร
999 ^a ใช้งานได้ทุกระบบ
รายการนี้ยังไม่มีแท็ก
คุณยังไม่ได้ล็อกอิน คุณสามารถมีกิจกรรมร่วมกับเว็บไซต์ได้ แต่ต้องล็อกอินก่อน ::
  ล็อกอิน

รายการสื่อสารสนเทศ

ลำดับที่ ประเภท เลขเรียก/บาร์โค้ด สถานที่ สถานะ
1. นวนิยาย
นวนิยาย
นว. R111C 2552  
  Barcode: 026772
ห้องสมุดวิทยาเขตสวรรค์ประชารักษ์
►นวนิยาย
บนชั้น
  ขอยืม

BibComment


ยังไม่เคยถูกคอมเมนท์

คอมเมนท์ทรัพยากรรายการนี้
  คอมเมนท์: Champpion s story..


 Copyright 2026. Bcnsprnw @Library